000 01662cam a22004934i 4500
003 PE-LiUPU
005 20250731173337.0
008 150706s r 000 0 d
020 _a9042911263
035 _a(Sirsi) i9789042911260
040 _aPE-LiUPU
_bspa
_cPE-LiUPU
_erda
049 _aPRUA
082 0 4 _a221.07
_bHC
_221
100 1 _aHoutman, Cornelis,
_eautor.
245 1 0 _aExodus,Volume 4, supplement /
_cCornelis Houtman.
264 1 _aLeuven :
_bPeeters,
_c2002.
300 _a70 páginas ;
_c24 centímetros
336 _atext
_2rdacontent
337 _aunmediated
_2rdamedia
338 _avolume
_2rdacarrier
490 0 _aHistorical Commentary On The Old Testament
500 _aVolumen 4, suplemento.
504 _aIncluye bibliografía.
505 0 _aIndex to subjects -- Index to Hebrew words and phrases.
526 _aSEG42
526 _aSEG41
526 _aSEG40
526 _aSEG39
526 _aP94
526 _aP87
526 _aP86
526 _aP85
526 _aP77
526 _aP76
526 _aP35
541 _g20081126230934D47324;
630 _aBiblia.
_pA.T.
_pExodo
_vComentarios.
910 _agl
_bjv
_cjv
_d20100222
942 _2ddc
_cBOOK
949 _a221.07 HC 2D
_wDEWEY
_c1
_i59813
_lCCODEBUL1
_mBUL
_p18.00
_r0
_sY
_tBOOK
_u2015-7-6
_xTEOLOGIA
_zUNKNOWN
_0COMPRA
_o.STAFF. Colección General
994 _aC0
_bPEPRU
596 _a1
999 _a221.07 HC 2D
_wDEWEY
_c49349
_i59813
_f2021-11-9
_g4
_lCCODEBUL1
_mBUL
_p18.00
_r0
_sY
_tBOOK
_u2015-7-6
_xTEOLOGIA
_zUNKNOWN
_0COMPRA
_o.STAFF. Colección General
_d49349
980 _81
_gALBERTO SANCHEZ Responsable de Automatización